Tilastot visalle Etelä-Kiinan meren maat

Klikkaa tästä pelataksesi tätä visaa!

Yleistilastot

  • Tätä visaa on pelattu 731 kertaa
  • Keskiarvotulos 7 / 8

Vastaustilastot

Valtio% Oikein
Indonesia
92%
Taiwan
90%
Vietnam
90%
Filippiinit
88%
Kiina
87%
Malesia
86%
Singapore
81%
Brunei
73%

Tulosjakauma

Persentiili vastausten määrän mukaan

Jokaisen tuloksen saaneiden osuus

Tuloshistoriasi

Et ole pelannut tätä visaa